000 00830nam a22002297a 4500
999 _c13856
_d13856
003 AR-CdUCM
008 190416b ||||| |||| 00| 0 spa d
020 _a978-612-45761-9-5
040 _aMUNICIPALIDAD PROVINCIAL DEL CUSCO
_cBIBLIOTECA MUNICIPAL DEL CUSCO
082 _aEP / 803 /
_bR81
110 _aEditorial Arsam .
_932438
245 _aRomeo y Julieta /
260 _aLima :
_bArsam,
_c2011.
300 _a79 páginas ;
_c21 cm.
440 _aClásicos KIDS.
_932439
500 _aAdaptación de la obra teatral de William Shakespeare.
505 _aContenido :Una pequeña gran riña -- Los planes del viejo Capuleto -- El gran baile -- El encuentro en el balcón -- La confesión a Fray Lorenzo ...
650 _aCuentos
_9217
650 _aHistorietas
_910786
942 _2ddc
_cLIBROS
945 _arum
_d2019-04-16